[Event "93rd FRA-ch 2018"]
[Site "Nimes"]
[Date "2018.08.18"]
[Round "1"]
[White "Bacrot, Etienne"]
[Black "Cornette, Matthieu"]
[Result "1/2-1/2"]
[WhiteElo "2699"]
[BlackElo "2593"]
[Annotator "TA"]
[PlyCount "80"]
[EventDate "2018.08.18"]
[EventType "tourn"]
[EventCountry "FRA"]
[SourceTitle "playchess.com"]
[Source "ChessBase"]
[SourceQuality "1"]

{[%evp 20,80,0,0,18,0,4,3,5,0,30,4,13,13,13,11,12,0,0,0,0,1,0,0,0,0,0,0,0,-2,-7,-19,-18,-39,-38,-38,-39,-45,-35,-31,-23,-16,0,0,0,0,0,0,0,0,0,0,0,0,0,0,0,0,0,0,0,0,0]} 1. d4 Nf6 2. c4 e6 3. Nc3 Bb4 4. Nf3 b6 5. e3 Bb7 6. Bd3 O-O 7. O-O c5 8. Na4 cxd4 9. exd4 Re8 10. Bf4 {E43: Nimzo-Indian: Rubinstein: 4...b6} Bf8 11. Re1 {LiveBook: 3 Games} h6 12. h3 $146 ({Predecessor:} 12. Rc1 d6 13. h3 Nbd7 14. Nc3 a6 15. Bg3 d5 16. cxd5 Nxd5 {0-1 (44) Hungaski,R (2495)-Adams,M (2715) Los Angeles 2011}) 12... Bxf3 13. Qxf3 ({Much weaker is} 13. gxf3 Nh5 $17) 13... Nc6 14. Be5 Rc8 15. Rad1 d6 16. Bxf6 $1 Qxf6 17. Qxf6 gxf6 18. Be4 Ne7 19. b3 (19. d5 {looks sharper.} Rxc4 20. Nc3 e5 21. Bd3 Rc7 22. Ne4) 19... f5 20. Bf3 Bg7 21. Nc3 Red8 22. Rd3 Rd7 23. Red1 a6 24. a4 Rdc7 25. Ne2 b5 26. cxb5 axb5 27. axb5 d5 28. g4 Rb8 29. Nc3 fxg4 30. hxg4 Bxd4 {The position is equal.} (30... Bf6 {is interesting.} 31. Kf1 Ng6 32. Be2 Nf4 33. Rf3 Nxe2 34. Kxe2 Be7) 31. Nxd5 $1 Nxd5 32. Bxd5 exd5 33. Rxd4 Rxb5 34. Rxd5 Rxb3 $15 {[%mdl 4096] Endgame KRR-KRR} 35. Kg2 Kg7 36. R1d3 Rxd3 37. Rxd3 Rc5 38. Kg3 h5 39. gxh5 Rxh5 40. Rd4 Ra5 {Precision: White = 67%, Black = 68%.} 1/2-1/2

[Event "93rd FRA-ch 2018"]
[Site "Nimes"]
[Date "2018.08.18"]
[Round "1"]
[White "Fressinet, Laurent"]
[Black "Gharamian, Tigran"]
[Result "1/2-1/2"]
[WhiteElo "2645"]
[BlackElo "2614"]
[Annotator "TA"]
[PlyCount "123"]
[EventDate "2018.08.18"]
[EventType "tourn"]
[EventCountry "FRA"]
[SourceTitle "playchess.com"]
[Source "ChessBase"]
[SourceQuality "1"]

{[%evp 20,123,0,-13,-7,-22,0,-16,-6,-29,-4,-37,0,-26,-5,-15,-25,-28,-10,-18,29,18,12,32,58,49,47,56,43,60,83,0,69,65,116,0,12,12,60,64,66,62,82,53,100,107,116,109,127,104,252,231,221,202,260,275,386,377,301,254,295,294,291,186,223,223,304,304,304,304,304,291,295,294,269,293,386,0,277,281,302,300,295,287,433,343,271,249,414,385,404,404,466,0,329,313,441,376,425,424,428,260,250,241,237,204]} 1. d4 Nf6 2. c4 e6 3. Nc3 Bb4 4. e3 d5 5. cxd5 exd5 6. Bd3 O-O 7. Nge2 Re8 8. Bd2 {E48: Nimzoindisch (Moderne Variante)} Bd6 (8... Bf8 9. O-O b6 10. Rc1 c5 11. Nf4 Bb7 12. Qf3 Na6 13. Rfd1 cxd4 14. exd4 Nc7 15. Bc2 Bd6 {1-0 (44) Carlsen,M (2832)-Karjakin,S (2781) Stavanger 2017 CBM 179 [Yermolinsky,A]}) 9. O-O a6 10. Rc1 Nbd7 {[%cal Bb8d7,Bd7f8,Bf8g6][%mdl 32]} 11. Nf4 {LiveBook: 3 Partien} c6 12. f3 $146 ({Vorgänger:} 12. Re1 Ne4 13. Nxe4 dxe4 14. Bb1 Nf6 15. a3 Bg4 {½-½ (40) Valsecchi,A (2508)-Jakovenko,D (2710) Antalya 2017}) 12... Nf8 13. Kh1 Ng6 14. Nce2 Qb6 15. b3 Bd7 16. g4 Re7 17. Qc2 Nxf4 18. exf4 Rae8 19. Ng3 {zielt auf g5 ab.} Kf8 20. Rcd1 h6 21. g5 Ng8 22. Bf5 $1 {[%cal Rf5d7] Lxd7 ist eine echte Drohung.} hxg5 ({Nur nicht} 22... Qxd4 $2 23. Bc3 $18) 23. Bxd7 Rxd7 24. fxg5 g6 {[#]} 25. Bc1 (25. f4 $1 $16) 25... Qc7 (25... Ke7 $11) 26. f4 $1 $14 Rde7 ({Lieber} 26... Ke7 $14) 27. Qf2 ({Besser ist} 27. Qd3 $16) 27... f5 28. h4 Qd7 29. Kg2 $1 Rh7 30. Rh1 $1 Qf7 31. Qf3 Re4 32. h5 ({Viel schlechter ist} 32. Nxe4 $6 dxe4 33. Qg3 Ne7 $11) 32... gxh5 33. Nxh5 ({Natürlich nicht} 33. Nxe4 $6 dxe4 34. Qg3 Ne7 $11) 33... Re6 34. Ng3 Ne7 {[#]} (34... Ke8 $16 {war einen Versuch wert.}) 35. Rxh7 $1 $18 Qxh7 36. Rh1 Qg7 37. Qd3 Re4 (37... Qf7 $142 38. Rh8+ Kg7) 38. Nxe4 dxe4 39. Qh3 Kg8 40. Qh6 Ng6 41. Qxg7+ Kxg7 {[%mdl 4096] Endspiel KTL-KLS} 42. Kg3 Bc7 43. Rh6 Bb8 44. Be3 Bd6 45. Bd2 Bb8 46. Bc1 Bd6 47. Kf2 Bb8 48. Kg3 Bd6 $1 49. a4 Bb8 50. Be3 Bd6 51. Kf2 Bb8 (51... Be7 $142 52. Bd2 a5) 52. Ke2 Bd6 53. Kd2 Bb8 $2 (53... Be7 54. Kc2 a5) 54. Kc2 Bd6 55. Bd2 Bb8 56. Be3 Bd6 $1 57. Bc1 Bb8 (57... Bf8 $142 58. Bb2 Kf7) 58. b4 Bd6 59. Kb3 b5 60. axb5 axb5 61. Bd2 Bb8 62. Kc2 {Precision: Weiß = 70%, Schwarz = 42%.} 1/2-1/2

[Event "93rd FRA-ch 2018"]
[Site "Nimes"]
[Date "2018.08.18"]
[Round "1"]
[White "Edouard, Romain"]
[Black "Le Roux, Jean-Pierre"]
[Result "1-0"]
[WhiteElo "2638"]
[BlackElo "2539"]
[Annotator "TA"]
[PlyCount "86"]
[EventDate "2018.08.18"]
[EventType "tourn"]
[EventCountry "FRA"]
[SourceTitle "playchess.com"]
[Source "ChessBase"]
[SourceQuality "1"]

{[%evp 14,86,16,20,29,16,11,11,8,-7,26,20,27,4,15,0,56,62,58,52,54,56,68,64,64,50,50,50,62,50,59,58,60,50,83,92,81,81,81,81,81,81,82,95,93,86,93,73,79,69,66,36,45,44,54,62,101,97,127,118,216,172,214,162,335,335,337,279,280,271,416,404,404,404,381]} 1. d4 Nf6 2. c4 e6 3. Nc3 Bb4 4. Nf3 b6 5. Qb3 Qe7 6. g3 O-O {E21: Nimzo-Indian: 4 Nf3} 7. Bg2 Bb7 8. O-O {LiveBook: 5 Games} a5 {[%cal Ba7a5,Ba5a4][%mdl 32] The position is equal.} 9. Qc2 $146 ({Predecessor:} 9. Nb5 a4 10. Qc2 Be4 11. Qd1 c6 12. Nc3 Bxc3 13. bxc3 d5 14. Bg5 Bxf3 15. Bxf3 dxc4 16. Rb1 {1-0 (72) Andriasian,Z (2611)-Korovin,M (2197) Kazan 2014}) 9... Bxc3 10. Qxc3 d6 11. b3 {[%cal Bb2b3,Bb3b4][%mdl 32]} a4 12. b4 Nbd7 13. a3 Rfc8 14. Bb2 b5 (14... c5 $11) 15. cxb5 $14 Nb6 16. Nd2 Bxg2 17. Kxg2 d5 18. Qd3 Ne8 19. Rac1 Nd6 20. Rc5 Rab8 21. Rfc1 Qd7 22. Rc6 Rb7 23. R1c5 Nbc4 24. Nxc4 Nxc4 25. Rxc4 dxc4 26. Qxc4 Qd5+ 27. Qxd5 exd5 $16 {[%mdl 4096] Endgame KRR-KRB} 28. Rc5 Rd8 29. Bc1 Kf8 30. Bf4 Rd7 31. Kf3 Ke8 32. Ke3 Kd8 33. Kd3 Rb6 34. f3 h6 35. h4 Re6 36. e4 {[%cal Be2e4,Be4f5][%mdl 32]} f5 (36... dxe4+ $16 {is a better defense.} 37. fxe4 f6) 37. exf5 $18 Re1 38. Be5 Rf1 $2 {[#]} (38... h5 39. Kd2 Ra1) 39. Ke3 Rb1 40. Rc3 Kc8 41. b6 Rb3 (41... c6 $142 42. Rc5 (42. Rxc6+ Kb7 $16) 42... Kb7) 42. Rxb3 axb3 {[#]} 43. b7+ $1 Kxb7 {Precision: White = 70%, Black = 51%.} 1-0

[Event "93rd FRA-ch 2018"]
[Site "Nimes"]
[Date "2018.08.18"]
[Round "1"]
[White "Gozzoli, Yannick"]
[Black "Maze, Sebastien"]
[Result "1-0"]
[WhiteElo "2596"]
[BlackElo "2612"]
[Annotator "TA"]
[PlyCount "101"]
[EventDate "2018.08.18"]
[EventType "tourn"]
[EventCountry "FRA"]
[SourceTitle "playchess.com"]
[Source "ChessBase"]
[SourceQuality "1"]

{[%evp 13,101,1,14,0,0,0,0,-12,0,0,0,0,5,0,0,0,4,8,9,1,17,18,19,15,49,39,40,25,28,15,45,12,42,41,33,38,41,41,43,41,36,41,41,37,45,10,14,33,40,0,10,6,440,16,16,11,18,0,0,0,19,19,17,17,16,16,64,71,176,176,176,174,172,141,141,145,139,143,439,403,990,981,836,899,899,814,29970,29966,29976,29978]} 1. d4 Nf6 2. c4 e6 3. Nc3 Bb4 4. Nf3 b6 5. Qc2 Bb7 6. a3 Bxc3+ 7. Qxc3 a5 {[%cal Ba7a5,Ba5a4][%mdl 32] LiveBook: 14 Partien. E21: Nimzoindisch (4.Sf3)} (7... O-O 8. e3 d5 9. b3 Nbd7 10. Be2 c5 11. O-O Rc8 12. Bb2 Ne4 13. Qc2 cxd4 14. exd4 Nd6 15. Nd2 Qf6 16. Rac1 Nf5 17. Qd3 {½-½ (63) Yu,Y (2751)-Kryvoruchko,Y (2689) Riadh 2017}) 8. e3 a4 9. Be2 $146 ({Vorgänger:} 9. Bd3 d6 10. O-O Qe7 11. Nd2 e5 12. dxe5 dxe5 13. b4 {½-½ (51) Wornath,K (2230)-Schild,C (2205) Hessen 1998}) 9... d6 {Die Stellung ist ausgeglichen.} 10. O-O Nbd7 11. Nd2 O-O 12. b4 axb3 $1 13. Nxb3 Ra4 14. f3 Qa8 15. Bb2 e5 16. Qc2 Re8 17. Rfe1 h6 18. dxe5 Nxe5 19. Nd4 Ra6 20. Nb5 Qd8 21. Rad1 Ned7 22. Bf1 Ra8 23. e4 Qc8 24. g3 Bc6 25. Bg2 Qb7 26. Rc1 Nc5 27. Bxf6 gxf6 28. Qc3 Kg7 29. Re3 Ra4 (29... Bxb5 $5 30. cxb5 Ra4 $14) 30. Nd4 Bd7 31. f4 Qa6 32. g4 Ra8 $2 {[%mdl 8192] [#]} (32... Qa5 $11) 33. Rg3 $2 (33. g5 $1 $18 {[%mdl 512]} hxg5 (33... fxg5 34. Nf5+) 34. fxg5 Rxa3 35. gxf6+ Kf8 36. Qe1) 33... Rxa3 $11 34. Nf5+ Kg6 35. Ne7+ Kg7 36. Nf5+ Kg6 37. Rh3 {[%csl Gf5][%cal Rh3h6]} Bxf5 $1 38. gxf5+ Kg7 $1 39. Rg3+ Kf8 40. Qxf6 {Droht Matt per Tg7.} Rxg3 (40... Ra1 $16 {kämpft weiter.} 41. Rf1 (41. Qxh6+ Ke8 $11) 41... Rxf1+ 42. Bxf1 Qa1) 41. hxg3 $18 Qa3 42. Kh2 $1 {zielt auf e5 ab.} Qxc1 43. Qh8+ Ke7 44. f6+ Kd7 45. Qxa8 {Schwarz muss nun Lh3+ beachten.} Qb2 $2 {[%mdl 8192] [#]} (45... Qxc4 $16 46. Qf8 Kc6) 46. e5 $1 {[%mdl 512]} dxe5 {[#]} (46... Qe2 $142 47. Qd5 Ne6 48. exd6 Nd8 49. Qb5+ Kc8 50. Qa6+ Kd7 51. dxc7 Kxc7 52. Qa7+ Kc8 53. Qxb6 Qxc4) 47. Qf8 $1 {[%cal Rf8e7] Weiss will mit De7+ Matt setzen.} Ke6 48. Qe7+ Kf5 49. Qxf7 exf4 50. Qh7+ Ke5 51. f7 {Precision: Weiß = 64%, Schwarz = 37%.} 1-0

[Event "93rd FRA-ch 2018"]
[Site "Nimes"]
[Date "2018.08.18"]
[Round "1"]
[White "Loiseau, Quentin"]
[Black "Bauer, Christian"]
[Result "1/2-1/2"]
[WhiteElo "2417"]
[BlackElo "2636"]
[Annotator "TA"]
[PlyCount "107"]
[EventDate "2018.08.18"]
[EventType "tourn"]
[EventCountry "FRA"]
[SourceTitle "playchess.com"]
[Source "ChessBase"]
[SourceQuality "1"]

{[%evp 18,107,26,10,25,37,58,63,65,59,60,67,98,55,94,42,33,27,24,20,45,18,22,15,30,22,29,13,12,-64,-62,-51,-55,-51,-60,-354,-76,-76,-76,-76,-76,-77,-74,-74,-70,-100,-100,-100,-100,-100,-100,-100,-100,-100,-89,-89,-71,-72,-65,-72,-70,-66,-49,-68,0,-61,-64,-66,-64,-68,-67,-77,-66,-100,-100,-109,-64,-100,-25,-47,-21,-63,-49,-44,-4,-3,-8,-27,0,0,0,0]} 1. e4 c6 2. d4 d5 3. e5 c5 4. dxc5 e6 5. Nf3 Bxc5 6. Bd3 {B12: Caro-Kann: Advance Variation} (6. a3 Nd7 7. Bd3 f6 8. b4 Be7 9. Bb2 fxe5 10. Nxe5 Nxe5 11. Bxe5 Bf6 12. O-O Nh6 13. Bxf6 Qxf6 {1-0 (70) Jakovenko,D (2735)-Fedoseev,V (2706) Poikovsky 2018}) 6... Nc6 7. O-O Nge7 8. a3 Ng6 9. b4 Be7 10. Bb2 {LiveBook: 6 Games} Qc7 {[%cal Rc6e5]} 11. Re1 a6 $146 ({Predecessor:} 11... Bd7 12. Nbd2 Rc8 13. Rc1 {1-0 (43) Makarian,R (2207)-Koshevoy,S (2206) Moscow 2017}) 12. Nbd2 b5 13. Nb3 Bd7 14. Nbd4 Na7 {[%cal Bc6a7,Ba7c8,Bc8e7,Be7f5][%mdl 32]} 15. h4 Nc8 16. Bc1 (16. g3 $16) 16... Bxh4 $14 17. Nxh4 Nxh4 18. Qh5 Ng6 19. f4 Nce7 20. Be3 O-O 21. g3 f6 {[%cal Rf6e5]} 22. exf6 Rxf6 23. Nf3 (23. Re2 $11) 23... Nf5 $1 $36 {[%cal Rf5g3][%mdl 2048] Black has good play.} 24. Bf2 Raf8 {Hoping for ...Nxf4!} 25. Ng5 $1 {[%csl Gg5][%cal Rh5h7]} h6 26. Nxe6 $2 {[%mdl 8192]} (26. Nf3 $15) 26... Rxe6 $2 (26... Bxe6 $19 27. Rxe6 Nxg3) 27. Rxe6 $17 {[#]} Nxf4 $1 28. gxf4 Bxe6 29. Re1 Qd7 30. Bc5 Rf6 31. Re5 Ng3 32. Qf3 {[#]} Ne4 $1 {[%mdl 512]} 33. Bxe4 dxe4 34. Qxe4 Qd1+ 35. Kf2 Qg4 36. Be3 Bf5 37. Qg2 Qh4+ 38. Qg3 $1 {[%cal Rg3h4]} Qh5 {White must now prevent ...Rg6.} 39. Qf3 $1 {[%cal Rf3h5]} Qg6 40. Qg2 Qf7 ({Black should play} 40... Qxg2+ $15 41. Kxg2 Bxc2) 41. Qd5 (41. Qa8+ $1 $11 Kh7 42. Re8) 41... Qxd5 $15 42. Rxd5 Bxc2 {[%mdl 4096] Endgame KRB-KRB} 43. Kf3 Re6 {And now ...Be4+ would win.} 44. Rd8+ Kh7 45. Bc5 Be4+ 46. Kf2 Rg6 47. Rd6 Rg4 (47... Rxd6 $17 48. Bxd6 Kg6) 48. Ke3 Bc2 49. Kf3 h5 50. Bf2 g5 51. fxg5 Rxg5 52. Be3 Rf5+ 53. Bf4 Kg7 54. Rxa6 {Precision: White = 46%, Black = 54%.} 1/2-1/2

[Event "93rd FRA-ch 2018"]
[Site "Nimes"]
[Date "2018.08.19"]
[Round "2"]
[White "Gharamian, Tigran"]
[Black "Edouard, Romain"]
[Result "1-0"]
[WhiteElo "2614"]
[BlackElo "2638"]
[Annotator "ChessBase"]
[PlyCount "81"]
[EventDate "2018.08.18"]
[EventType "tourn"]
[EventCountry "FRA"]
[SourceTitle "playchess.com"]
[Source "ChessBase"]
[SourceQuality "1"]
[TimeControl "40/5400+30:1800+30"]

1. e4 {[%emt 0:00:00]} c5 {[%emt 0:01:26]} 2. Nf3 {[%emt 0:00:00]} d6 {[%emt 0:00:04]} 3. d4 {[%emt 0:00:05]} cxd4 {[%emt 0:00:07]} 4. Nxd4 {[%emt 0:00:06]} Nf6 {[%emt 0:00:03]} 5. Nc3 {[%emt 0:00:10]} Nc6 {[%emt 0:00:04]} 6. Bg5 {[%emt 0:00:55]} e6 {[%emt 0:02:21]} 7. Qd2 {[%emt 0:00:19]} Qb6 {[%emt 0:00:04]} 8. Nb3 {[%emt 0:06:56]} Be7 {[%emt 0:00:22]} 9. Bxf6 {[%emt 0:00:06]} Bxf6 {[%emt 0:00:38]} 10. Qxd6 {[%emt 0:00:06]} Be5 {[%emt 0:01:06]} 11. Qa3 {[%emt 0:01:23]} Qb4 {[%emt 0:12:32]} 12. Qxb4 {[%emt 0:01:49]} Nxb4 {[%emt 0:00:02]} 13. O-O-O {[%emt 0:04:13]} Ke7 {[%emt 0:01:26]} 14. a3 {[%emt 0:18:55]} Nc6 {[%emt 0:00:34]} 15. Bb5 {[%emt 0:06:38]} Nb8 {[%emt 0:02:57]} 16. Ne2 {[%emt 0:01:07]} g5 {[%emt 0:06:12]} 17. g3 {[%emt 0:08:31]} b6 {[%emt 0:07:28]} 18. f4 {[%emt 0:01:42]} gxf4 {[%emt 0:06:10]} 19. gxf4 {[%emt 0:00:05]} Bc7 {[%emt 0:00:17]} 20. Rhg1 {[%emt 0:04:16]} Bb7 {[%emt 0:00:38]} 21. e5 {[%emt 0:00:33]} a6 {[%emt 0:03:12]} 22. Bd3 {[%emt 0:00:58]} Nd7 {[%emt 0:00:19]} 23. Nc3 {[%emt 0:07:32]} Rag8 {[%emt 0:09:57]} 24. Be4 {[%emt 0:02:24]} Bc8 {[%emt 0:09:34]} 25. Nd4 {[%emt 0:02:23]} Nb8 {[%emt 0:00:24]} 26. Rg3 {[%emt 0:09:42]} b5 {[%emt 0:02:21]} 27. Nf5+ {[%emt 0:06:49]} exf5 {[%emt 0:05:19]} 28. Nd5+ {[%emt 0:00:04]} Kf8 {[%emt 0:03:04]} 29. Nxc7 {[%emt 0:00:06]} Rxg3 {[%emt 0:05:20]} 30. hxg3 {[%emt 0:00:05]} Kg7 {[%emt 0:01:30]} 31. Bf3 {[%emt 0:01:58]} Nd7 {[%emt 0:00:23]} 32. Nxa6 {[%emt 0:06:52]} Nxe5 {[%emt 0:00:37]} 33. fxe5 {[%emt 0:00:04]} Bxa6 {[%emt 0:00:02]} 34. Rd6 {[%emt 0:00:36]} Bc8 {[%emt 0:00:01]} 35. Bc6 {[%emt 0:00:05]} h5 {[%emt 0:01:01]} 36. Rd4 {[%emt 0:02:04]} Rh6 {[%emt 0:07:33]} 37. Bxb5 {[%emt 0:00:58]} Rg6 {[%emt 0:00:02]} 38. Be2 {[%emt 0:00:45]} Rxg3 {[%emt 0:00:00]} 39. Bxh5 {[%emt 0:00:08]} Re3 {[%emt 0:00:00]} 40. Kd2 {[%emt 0:00:44]} Rxe5 {[%emt 0:00:00]} 41. Bf3 {[%emt 0:30:06]} 1-0

[Event "93rd FRA-ch 2018"]
[Site "Nimes"]
[Date "2018.08.19"]
[Round "2"]
[White "Maze, Sebastien"]
[Black "Bauer, Christian"]
[Result "1/2-1/2"]
[WhiteElo "2612"]
[BlackElo "2636"]
[Annotator "TA"]
[PlyCount "78"]
[EventDate "2018.08.18"]
[EventType "tourn"]
[EventCountry "FRA"]
[SourceTitle "playchess.com"]
[Source "ChessBase"]
[SourceQuality "1"]

{[%evp 17,78,45,60,34,43,-60,42,9,73,66,66,81,75,43,67,-38,-8,-30,-24,-34,0,-39,-31,-45,-47,-49,-74,-74,-72,-59,-63,-94,-79,-136,-132,-113,-113,-154,-137,-149,-115,-198,-208,-183,-197,-190,-183,-189,-195,-197,-159,-178,0,0,0,0,0,0,0,0,0,0,0]} 1. e4 c5 2. Nf3 e6 3. d4 cxd4 4. Nxd4 Nf6 5. Nc3 d6 6. g4 a6 7. g5 Nfd7 8. h4 b5 9. Bg2 {B81: Sicilian Scheveningen: Keres Attack} Bb7 {LiveBook: 3 Games} 10. f4 $146 ({Predecessor:} 10. a3 Nc6 11. Nde2 Rc8 12. b3 Be7 13. Bb2 Nde5 14. f4 Ng4 15. Qd2 h5 16. Nd1 e5 {½-½ (64) Bauer,C (2520)-Cools,G (2295) Antwerp 1998}) 10... b4 11. Nd5 (11. Nce2 $14) 11... Nc5 (11... exd5 $15 12. exd5 Be7) 12. O-O Nc6 (12... exd5 $11 13. exd5 Be7) 13. Nxc6 $16 Bxc6 14. Re1 Rb8 15. Bd2 Be7 16. f5 (16. Nxb4 $14 Bd7 17. Bc3) 16... Bxd5 $1 $15 (16... exd5 $2 17. exd5 Bb5 18. f6 $18) 17. exd5 exf5 18. Qe2 Rb7 19. Be3 {[#] Hoping for Bxc5.} (19. a3 $5 {[%cal Ra3b4]} a5 20. axb4 axb4 21. Qc4 $14) 19... Qc8 $1 20. Qf2 Ne4 $36 {[%mdl 2048] White is under pressure.} 21. Bxe4 fxe4 22. Bd4 O-O 23. Rxe4 f6 $1 {[%cal Bf7f6,Bf6g5][%mdl 32]} 24. Rae1 fxg5 25. Qg2 (25. Qe2 $142) 25... Bf6 $17 26. Bxf6 gxf6 27. Re6 Rg7 28. h5 Qc5+ 29. Qf2 (29. R1e3 $17 {was necessary.}) 29... Qxd5 $19 30. Rxf6 {[%csl Gf2][%cal Rf6f8]} Rgf7 31. Rxf7 Rxf7 {[%mdl 4096] Endgame KQR-KQR} 32. Re8+ Kg7 33. Qe2 Qd4+ 34. Kg2 Qxb2 $2 (34... a5 $19 35. Re6 Qd5+ 36. Kg3 {[#]} Rf3+ $1 {[%mdl 512]} 37. Qxf3 Qxe6) 35. Re6 $1 $11 {Intending h6+ and mate.The position is equal.} Rf6 {White must now prevent ...Rxe6.} ({But not} 35... Qxa2 $6 36. Rxd6 Kg8 37. Qd3 $14) 36. Re7+ Kf8 $1 37. Re8+ Kg7 38. Re7+ Kf8 $1 39. Re8+ Kg7 {Precision: White = 39%, Black = 56%.} 1/2-1/2

[Event "93rd FRA-ch 2018"]
[Site "Nimes"]
[Date "2018.08.19"]
[Round "2"]
[White "Gozzoli, Yannick"]
[Black "Bacrot, Etienne"]
[Result "1/2-1/2"]
[WhiteElo "2596"]
[BlackElo "2699"]
[Annotator "TA"]
[PlyCount "75"]
[EventDate "2018.08.18"]
[EventType "tourn"]
[EventCountry "FRA"]
[SourceTitle "playchess.com"]
[Source "ChessBase"]
[SourceQuality "1"]

{[%evp 32,75,20,32,24,6,6,15,8,8,8,6,20,16,12,12,14,0,0,0,0,0,0,0,0,0,0,0,0,0,0,0,0,0,0,0,0,0,0,0,0,0,0,0,0,0]} 1. d4 Nf6 2. c4 g6 3. Nc3 Bg7 4. e4 d6 5. Nf3 O-O 6. Be2 e5 7. O-O Nc6 8. d5 Ne7 9. b4 Nh5 10. Re1 f5 11. Ng5 Nf6 12. Bf3 h6 13. Ne6 {E97: King's Indian: Classical Main Line (6...e5 7 0-0 Nc6): 8 Be3 and 8 d5 Ne7, not 9 Ne1} Bxe6 14. dxe6 c6 15. b5 fxe4 16. Nxe4 Nxe4 17. Bxe4 {LiveBook: 43 Games} d5 18. cxd5 cxd5 {The position is equal.} 19. Ba3 {Hoping for Bxe7.} dxe4 20. Qxd8 Rfxd8 21. Bxe7 {[#]} Re8 $146 22. Bc5 Rxe6 23. Rxe4 a6 24. bxa6 (24. Rb1 {is interesting.} b6 25. Be3 axb5 26. Reb4 Rxa2 27. Rxb5 Ra5 28. R5b3) 24... Rexa6 25. a3 (25. Ree1 {looks sharper.} Rxa2 26. Rab1 R2a5 27. Bb6 Rd5 28. g3) 25... Bf8 26. Bxf8 Kxf8 27. Rxe5 Rxa3 28. Rxa3 (28. Rae1 {seems wilder.} R3a5 29. Re6 Ra1 30. Kf1 Rxe1+ 31. Rxe1 b5 32. Re6) 28... Rxa3 $11 {[%mdl 4096] Endgame KR-KR} 29. h4 (29. h3 {is more complex.} Rb3 30. h4 Kf7 31. Rc5 Kf6 32. h5) 29... Rb3 30. Re6 Kf7 31. Rd6 h5 32. Kh2 Kg7 33. f3 Rb4 34. Kg3 Kf7 35. Kh3 Kg7 36. Kg3 Kf7 37. Kh3 Kg7 38. Kg3 {Precision: White = 63%, Black = 92%.} 1/2-1/2

[Event "93rd FRA-ch 2018"]
[Site "Nimes"]
[Date "2018.08.19"]
[Round "2"]
[White "Cornette, Matthieu"]
[Black "Fressinet, Laurent"]
[Result "1/2-1/2"]
[WhiteElo "2593"]
[BlackElo "2645"]
[Annotator "TA"]
[PlyCount "80"]
[EventDate "2018.08.18"]
[EventType "tourn"]
[EventCountry "FRA"]
[SourceTitle "playchess.com"]
[Source "ChessBase"]
[SourceQuality "1"]

{[%evp 26,80,18,12,9,0,18,0,11,10,16,9,20,12,29,15,12,16,8,0,0,0,0,0,29,10,14,8,12,7,7,10,9,10,14,0,0,0,0,-33,0,0,0,0,0,0,0,0,0,0,0,0,0,0,0,0,0]} 1. e4 e5 2. Nf3 Nc6 3. Bb5 {[%cal Bf1b5,Bb5a4,Ba4b3][%mdl 32]} a6 4. Ba4 Nf6 5. O-O Be7 6. d3 b5 7. Bb3 d6 8. a3 O-O 9. Nc3 Na5 {C77: Ruy Lopez: 3...a6 4 Ba4 Nf6, unusual lines} 10. Ba2 Be6 11. b4 Bxa2 12. Rxa2 Nc6 13. Bg5 Ng4 14. Bd2 {LiveBook: 5 Games} Nf6 15. Bg5 Ng4 16. Bd2 Nf6 17. Re1 Qd7 18. Nd5 Nxd5 19. exd5 {[#]} Na7 $146 20. a4 c6 21. axb5 axb5 22. Be3 cxd5 23. Qa1 $1 {And now c3 would win.} d4 {[#]} 24. Nxd4 $1 {[%mdl 512]} Qb7 (24... exd4 25. Bxd4) 25. Nb3 {[%cal Re3a7]} Nc6 26. Na5 Qd7 27. Nxc6 Qxc6 28. c4 {Threatening cxb5.} Rxa2 29. Qxa2 Rb8 30. Qa7 Qb7 31. Qxb7 Rxb7 32. c5 dxc5 33. Bxc5 {The position is equal.} Bxc5 34. bxc5 $15 {[%mdl 4096] Endgame KR-KR} f6 35. Rb1 Kf7 36. c6 Rc7 37. Rxb5 {[#] Threatens to win with Rb7.} Rxc6 {[%cal Rc6c1]} 38. Kf1 Rc2 39. Rb7+ Kg6 40. Rd7 h5 {Precision: White = 61%, Black = 65%.} 1/2-1/2

[Event "93rd FRA-ch 2018"]
[Site "Nimes"]
[Date "2018.08.19"]
[Round "2"]
[White "Le Roux, Jean-Pierre"]
[Black "Loiseau, Quentin"]
[Result "1/2-1/2"]
[WhiteElo "2539"]
[BlackElo "2417"]
[Annotator "RC"]
[PlyCount "84"]
[EventDate "2018.08.18"]
[EventType "tourn"]
[EventCountry "FRA"]
[SourceTitle "playchess.com"]
[Source "ChessBase"]
[SourceQuality "1"]
[TimeControl "40/5400+30:1800+30"]

1. e4 {[%emt 0:00:00]} c5 {[%emt 0:00:00]} 2. Nc3 {[%emt 0:00:12]} Nc6 {[%emt 0:00:11]} 3. Nge2 {[%emt 0:00:25]} Nf6 {[%emt 0:00:28]} 4. g3 {[%emt 0:00:14]} g6 {[%emt 0:11:52]} 5. Bg2 {[%emt 0:00:29]} Bg7 {[%emt 0:00:18]} 6. d3 {[%emt 0:00:12]} d6 {[%emt 0:02:20]} 7. h3 {[%emt 0:00:10]} O-O {[%emt 0:08:03]} 8. O-O {[%emt 0:00:22]} Rb8 {[%emt 0:03:10]} 9. a4 {[%emt 0:00:17]} a6 {[%emt 0:01:09]} 10. f4 {[%emt 0:03:15]} Nd7 {[%emt 0:03:04]} 11. f5 {[%emt 0:00:23]} e6 {[%emt 0:10:06]} 12. g4 {[%emt 0:07:24]} b5 {[%emt 0:02:15]} 13. axb5 {[%emt 0:00:05]} axb5 {[%emt 0:00:06]} 14. g5 {[%emt 0:06:38]} Be5 {[%emt 0:05:34]} 15. Nf4 {[%emt 0:07:04]} Nd4 {[%emt 0:07:54]} 16. f6 {[%emt 0:18:42]} Bb7 {[%emt 0:03:09]} 17. Nce2 {[%emt 0:01:12]} Ra8 {[%emt 0:01:58]} 18. Rxa8 {[%emt 0:10:08]} Qxa8 {[%emt 0:00:19]} 19. c3 {[%emt 0:00:43]} Nxe2+ {[%emt 0:04:37]} 20. Nxe2 d5 21. d4 {[%emt 0:04:38]} Bc7 {[%emt 0:04:04]} 22. e5 {[%emt 0:02:10]} b4 {[%emt 0:03:34]} 23. Nf4 {[%emt 0:14:04]} bxc3 {[%emt 0:01:54]} 24. bxc3 cxd4 25. cxd4 {[%emt 0:00:08]} Qa7 {[%emt 0:02:06]} 26. Kh1 {[%emt 0:02:06]} Bb6 {[%emt 0:01:19]} 27. Qg4 {[%emt 0:05:34]} Re8 {[%emt 0:20:28]} 28. Qh4 {[%emt 0:02:41]} Kh8 {[%emt 0:00:19]} 29. Be3 {[%emt 0:07:40]} Rg8 {[%emt 0:02:31]} 30. Bg1 {[%emt 0:00:47]} Qa3 {[%emt 0:00:56]} 31. Qg4 {[%emt 0:00:53]} Ba6 {[%emt 0:01:01]} 32. Rd1 {[%emt 0:02:07]} Qb3 {[%emt 0:00:41]} 33. h4 {[%emt 0:00:54]} Nf8 {[%emt 0:00:29]} 34. Ra1 {[%emt 0:02:01]} Bc4 {[%emt 0:00:32]} 35. h5 {[%emt 0:02:39]} Qb2 {[%emt 0:00:30]} 36. Rd1 {[%emt 0:00:49]} gxh5 {[%emt 0:00:21]} 37. Qxh5 {[%emt 0:00:28]} Ng6 {[%emt 0:00:07]} 38. Nxg6+ {[%emt 0:00:48]} Rxg6 {[%emt 0:00:59]} 39. Qh4 {[%emt 0:00:27]} Ba5 {[%emt 0:00:30]} 40. Bf3 {[%emt 0:00:35]} Be2 {[%emt 0:00:34]} 41. Qf2 {[%emt 0:07:15]} Bxf3+ {[%emt 0:05:46]} 42. Qxf3 {[%emt 0:00:06]} Rxg5 {[%emt 0:08:03]} 1/2-1/2